000
00245nam a2200097Ia 4500
001
990396
005
20250826221310.0
008
250824s9999 xx 000 0 und d
245
0
_a
HAYATA DÖN
_c
GÜLSEREN BUDAYICIOĞLU
260
_b
REMZİ KİTABEVİ
999
_c
990396
_d
990396